Statistics for Oceans and Seas Sounds

Click here to take the quiz!

General Stats

  • This quiz has been taken 6 times
  • The average score is 7 of 23

Answer Stats

HintAnswer% Correct
Al Land TickAtlantic
100%
Bald TickBaltic
100%
Purse IanPersian
100%
Time OrTimor
100%
I Car IanIcarian
75%
Mow Zam BeakMozambique
75%
SpecificPacific
75%
Ball EerieBalearic
25%
Both NeonBothnian
25%
Can't A Brr IanCantabrian
25%
Flour IsFlores
25%
Are A Food RanArafura
0%
Go HiBohai
0%
Carpenter I ACarpentaria
0%
Chuck QiChukchi
0%
Gin Wee!Guinea
0%
Hail Ma HeraHalmahera
0%
Lake A DiveLaccadive
0%
Laser Ev.Lazarev
0%
Parm. Car AMarmara
0%
Mole You CatMolucca
0%
Peck Or APechora
0%
Save YouSavu
0%

Score Distribution

Percentile by Number Answered

Percent of People with Each Score

Your Score History

You have not taken this quiz